000 00894cab a22001935a 4500
001 L141191
008 071102e20071029xxk 000 0 eng d
035 _a(Sirsi) u141191
041 0 _aeng
110 2 _aUK Green Building Council
_95440
245 0 0 _aUK-GBC to report to government on zero carbon definition
_h[electronic resource]
260 _aLondon
_bUK-GBC
_c2007
520 _aAnnounces the UK Green Building Council's plans to establish a task force made up of a range of stakeholders from the industry in order to gather evidence for a report to government on the definition of zero carbon homes. The report will be delivered by Spring 2008.
590 _aKA NTK
651 4 _aUnited Kingdom
_y
690 _aENVIRONMENTAL AND LAND CONSULTANCY-SUSTAINABILITY
856 4 0 _uhttps://www.ukgbc.org/newsdetails.jsp?id=24
_zView the item free of charge at www.ukgbc.org...
942 _n0
999 _c79425
_d79425